[Event "Pan American-ch School U11 Girls 9th"]
[Site "Guatire"]
[Date "2018.10.23"]
[Round "2.2"]
[White "Pisani Revilla, Andrea Elaine"]
[Black "Gonzalez Leon, Valeria Del Carmen"]
[Result "1-0"]
[WhiteElo "1126"]
[BlackElo "1288"]
[PlyCount "97"]
[EventDate "2018.10.23"]
[EventType "swiss"]
[EventRounds "9"]
[EventCountry "VEN"]
[SourceTitle "EXT 2024"]
[Source "ChessBase"]
[SourceDate "2023.10.10"]
[SourceVersion "1"]
[SourceVersionDate "2023.10.10"]
[SourceQuality "1"]

1. d4 d5 2. e3 g6 3. f4 Bg7 4. Nf3 Nf6 5. Bd3 0-0 6. 0-0 b6 7. Ne5 Bb7 8. Nd2 c5 9. c3 Nc6 10. Rf3 Nxe5 11. fxe5 Nd7 12. e4 e6 13. Qe1 f6 14. exf6 Bxf6 15. e5 Bh4 16. Rxf8+ Kxf8 17. Qf1+ Kg8 18. Nf3 c4 19. Bc2 Be7 20. Bh6 Bf8 21. Bg5 Be7 22. Be3 Qc7 23. Qf2 Rf8 24. Qg3 Kg7 25. Qh3 h5 26. Bg5 Bxg5 27. Nxg5 Re8 28. Nxe6+ Rxe6 29. Qxe6 Nf8 30. Qf6+ Kg8 31. Rf1 Qg7 32. Qxg7+ Kxg7 33. Re1 Bc8 34. Ba4 Be6 35. b3 cxb3 36. axb3 a6 37. Bc6 b5 38. Bb7 a5 39. Ba6 a4 40. Bxb5 axb3 41. Rb1 g5 42. Rxb3 Kg6 43. Rb4 Kf5 44. c4 dxc4 45. Bxc4 Ke4 46. Bxe6 Nxe6 47. Kf2 Nxd4 48. e6 Kd5 49. Rxd4+ 1-0